El trabajo de las naciones /

Guardado en:
Detalles Bibliográficos
Autor principal: Reich, Robert B. (autor)
Formato: Libro
Idioma:Español
Publicado: Buenos Aires, Argentina : Javier Vergara, 1993, c1993
Etiquetas: Agrega una etiqueta
Sin etiquetas, Sé el primero en etiquetar este registro!

MARC

LEADER 00000nam^a2200000^a^4500
001 000619982
005 20260220000000.0
009 20260310133830.62
020 |a 950-15-1305-X 
037 |a Acervo ITESO - Biblioteca 
041 |a ESP 
091 |a FOB. 01145 
100 |a Reich, Robert B.  |e (autor) 
245 1 3 |a El trabajo de las naciones / 
264 4 |a Buenos Aires, Argentina :  |b Javier Vergara,  |c 1993, c1993 
300 |a 314 p. 
336 |a texto  |b txt  |2 rdacontenido 
337 |a sin mediación  |b n  |2 rdamedio 
338 |a volumen  |b nc  |2 rdasoporte 
649 |a XX 
910 |a Fondo Carlos de Obeso Orendain 
920 |a Impresos - Libros 
930 |a Fondos Especiales 
905 |a 147 
901 |a 619982-10  |b IT2  |c ESP  |i D  |u 20250826 
902 |a https://opac.biblio.iteso.mx/vufind/Record/000619982